Personnages Historiques par Images Numéro 3 (Difficile) - Statistiques

Statistiques générales
  • Ce quiz a été pris 18 fois
  • Le résultat moyen est 3 sur 16
Statistiques - réponses
Par images Réponse % Correct
Jean-Paul II
94%
Charles-Maurice de Talleyrand
35%
Jacques Cartier
35%
Paul von Hindenburg
24%
Ante Pavelić
18%
Mirabeau
18%
Stanley Kubrick
12%
Sukarno
12%
Thomas Hobbes
12%
Andrew Carnegie
6%
Carl Von Linné
6%
Klemens Von Metternich
6%
Mikhaïl Bakounine
6%
René Girard
6%
Bill Ackman
0%
Jackson Pollock
0%
Aucun quiz correspondant
Distribution des résultats
% des personnes avec chaque résultat
Percentile par nombre de réponses
Votre historique - résultats
Vous n’avez pas pris ce quiz